000
00484nam a2200133Ia 4500
008
100328s9999 xx 000 0 und d
082
_b
68169
100
_a
जाखोटिया गिरीश.
245
_a
एका मारवाड्याची गोष्ट.
260
_b
राजेंद्र.
630
_a
एका मारवाड्याची गोष्ट.
730
_a
एका मारवाड्याची गोष्ट.
942
_c
BOOK
999
_c
553908
_d
553905